| 000 | 00373nam a22001697a 4500 | ||
|---|---|---|---|
| 003 | SGT | ||
| 020 | _a9789354656422 | ||
| 082 |
_a610. _bM23A |
||
| 100 | _aALAGAPBAN, R | ||
| 245 | _aMANUAL OF PRACTICAL MEDICINE | ||
| 250 | _a7th | ||
| 260 |
_aNEW DELHI _bJAYPEE BROTHER _c2023 |
||
| 300 | _a920 | ||
| 650 | _aMANUAL, MEDICINE | ||
| 653 | _a MEDICINE | ||
| 942 |
_2ddc _cBK |
||
| 999 |
_c23870 _d23870 |
||